000 00334nam a22001457a 4500
008 230516b ||||| |||| 00| 0 eng d
020 _a9781269824613
041 _aeng
080 _29780735562448
_a34
082 _a34WEN
100 _a32
101 _aJURE
245 _aPROFESSIONAL RESPONSIBILITY
_cWENDEL.B.W
942 _2udc
_cBK
999 _c59735
_d59735